| 000 | 01508nam a2200373Ia 4500 | ||
|---|---|---|---|
| 001 | ebr10271671 | ||
| 003 | CaPaEBR | ||
| 006 | m u | ||
| 007 | cr cn||||||||| | ||
| 008 | 080109s2008 enka sb 000 0 eng d | ||
| 010 | _z 2008000318 | ||
| 020 | _z9780195327885 (pbk. : alk. paper) | ||
| 020 | _z0195327888 (pbk. : alk. paper) | ||
| 020 | _z9780195327878 (v. 2 : alk. paper) | ||
| 020 | _z019532787X (v. 2 : alk. paper) | ||
| 040 |
_aCaPaEBR _cCaPaEBR |
||
| 035 | _a(OCoLC)320779822 | ||
| 050 | 1 | 4 |
_aRJ506.A35 _bW45 2008eb |
| 100 | 1 | _aWells, Karen C. | |
| 245 | 1 | 0 |
_aCoping power _h[electronic resource] : _bparent group program : facilitator guide / _cKaren C. Wells, John E. Lochman, Lisa A. Lenhart. |
| 260 |
_aOxford ; _aNew York : _bOxford University Press, _c2008. |
||
| 300 |
_aviii, 176 p. : _bill. |
||
| 490 | 1 | _aPrograms that work | |
| 504 | _aIncludes bibliographical references (p. [163]-174). | ||
| 533 |
_aElectronic reproduction. _bPalo Alto, Calif. : _cebrary, _d2009. _nAvailable via World Wide Web. _nAccess may be limited to ebrary affiliated libraries. |
||
| 650 | 0 | _aAggressiveness in children. | |
| 650 | 0 | _aConduct disorders in children. | |
| 655 | 7 |
_aElectronic books. _2local |
|
| 700 | 1 |
_aLochman, John E. _q(John Edward) |
|
| 700 | 1 | _aLenhart, Lisa A. | |
| 710 | 2 | _aebrary, Inc. | |
| 830 | 0 | _aTreatments that work. | |
| 856 | 4 | 0 |
_uhttp://site.ebrary.com/lib/rucke/Doc?id=10271671 _zAn electronic book accessible through the World Wide Web; click to view |
| 999 |
_c7527 _d7527 |
||